[Event "TOP 16 Clichy"]
[Site "Clichy"]
[Date "2009.03.20"]
[Round "1.1"]
[White "Jakoovenko, D."]
[Black "Bacrot, E."]
[Result "1/2-1/2"]
[WhiteElo "2760"]
[BlackElo "2722"]
[PlyCount "33"]
[EventDate "2009.??.??"]
[TimeControl "6000"]

1. e4 c5 2. Nf3 Nc6 3. d4 cxd4 4. Nxd4 e5 5. Nb5 d6 6. c4 Be7 7. N1c3 a6 8. Na3
Be6 9. Nc2 Rc8 10. b3 Nf6 11. Be2 O-O 12. Bd2 Nd4 13. O-O Nxe2+ 14. Qxe2 b5 15.
Ne3 Qd7 16. Rac1 Qb7 17. Ned5 1/2-1/2

[Event "TOP 16"]
[Site "Clichy"]
[Date "2009.03.20"]
[Round "1.2"]
[White "Delchev, A."]
[Black "Tregubov, P."]
[Result "1/2-1/2"]
[WhiteElo "2647"]
[BlackElo "2647"]
[PlyCount "70"]
[EventDate "2009.03.21"]

1. d4 d5 2. c4 e6 3. Nf3 c6 4. e3 Bd6 5. Bd3 f5 6. O-O Nf6 7. b3 Qe7 8. Bb2 O-O
9. Qc1 b6 10. Ba3 Bb7 11. Bxd6 Qxd6 12. cxd5 Nxd5 13. Nbd2 Nd7 14. Nc4 Qe7 15.
Nce5 Rac8 16. Nxd7 Qxd7 17. Ne5 Qe7 18. Qb2 c5 19. Rfc1 f4 20. Qb1 g6 21. e4
Nb4 22. dxc5 Rxc5 23. Rxc5 Qxc5 24. Qb2 Nxd3 25. Nxd3 Qd6 26. Ne5 Bxe4 27. Ng4
e5 28. Nxe5 Rd8 29. Re1 Qd4 30. Qxd4 Rxd4 31. f3 Bb7 32. Rc1 Rd2 33. Rc7 Rd1+
34. Kf2 Ba6 35. g3 Rd2+ 1/2-1/2

[Event "TOP 16"]
[Site "Clichy"]
[Date "2009.03.20"]
[Round "1.3"]
[White "Naiditsch 2693, A."]
[Black "Nataf, I.A."]
[Result "1-0"]
[WhiteElo "2693"]
[BlackElo "2533"]
[PlyCount "105"]
[EventDate "2009.03.21"]
[TimeControl "6000"]

1. e4 c5 2. Nf3 Nc6 3. Bb5 e6 4. Bxc6 bxc6 5. b3 Qc7 6. O-O Be7 7. Re1 Nh6 8.
d4 cxd4 9. Qxd4 f6 10. Bxh6 gxh6 11. c4 c5 12. Qe3 Bf8 13. Nc3 Bb7 14. Nb5 Qb8
15. Qc3 Rg8 16. Rad1 a6 17. Qd3 Rg7 18. Nc3 Qf4 19. Re3 h5 20. a3 Rd8 21. h3
Kf7 22. Ne1 Be7 23. Qe2 Qh6 24. Kh1 Kg8 25. Red3 Bc6 26. Nc2 a5 27. Ne3 Qg5 28.
f3 Kh8 29. Nb5 Ra8 30. a4 Qe5 31. Qe1 Qf4 32. R1d2 f5 33. exf5 Bh4 34. Qa1 Rf8
35. fxe6 dxe6 36. Nf1 Bf6 37. Qe1 e5 38. Nc3 Bh4 39. Qe3 Qxe3 40. Nxe3 Be1 41.
Re2 Bxc3 42. Rxc3 e4 43. fxe4 Bxe4 44. Nd5 Bg6 45. Ne7 Rf1+ 46. Kh2 h4 47.
Nxg6+ Rxg6 48. Rd3 Rb6 49. Re7 Kg8 50. Rc7 Rf2 51. Rd8+ Rf8 52. Rdd7 Rg6 53.
Rxc5 1-0

[Event "TOP 16"]
[Site "Clichy"]
[Date "2009.03.20"]
[Round "1.4"]
[White "Miton, K."]
[Black "Maze, S."]
[Result "1/2-1/2"]
[WhiteElo "2595"]
[BlackElo "2578"]
[PlyCount "81"]
[EventDate "2009.03.21"]
[TimeControl "6000"]

1. d4 Nf6 2. c4 e6 3. g3 c5 4. Nf3 cxd4 5. Nxd4 d5 6. Bg2 e5 7. Nf3 e4 8. Nd4
dxc4 9. O-O Bc5 10. Qa4+ Nbd7 11. Qxc4 a6 12. Nb3 Be7 13. Nc3 Nb6 14. Qd4 Bf5
15. Qe5 Bg6 16. Nxe4 O-O 17. Nec5 Nc4 18. Qf4 b5 19. Nb7 Qb6 20. Qd4 Qe6 21.
Bg5 h6 22. Bf4 Rac8 23. Rad1 Ne4 24. Qd7 Nxb2 25. Qxe6 fxe6 26. Rd7 Bf6 27. Nd6
Nxd6 28. Rxd6 e5 29. Bc1 Na4 30. Bd2 Rc2 31. Rxa6 Rxa2 32. Bd5+ Bf7 33. Bxf7+
Rxf7 34. Rb1 Rd7 35. Bxh6 Rxe2 36. Be3 e4 37. Nc5 Nxc5 38. Bxc5 Rb7 39. Ra3 Rc2
40. Be3 Be7 41. Ra5 1/2-1/2

[Event "TOP 16"]
[Site "Clichy"]
[Date "2009.03.20"]
[Round "1.5"]
[White "Fressinet, L."]
[Black "Degraeve, J.M."]
[Result "1/2-1/2"]
[WhiteElo "2666"]
[BlackElo "2553"]
[PlyCount "146"]
[EventDate "2009.03.21"]
[TimeControl "6000"]

1. d4 d5 2. c4 dxc4 3. Nf3 Nf6 4. e3 e6 5. Bxc4 c5 6. O-O a6 7. Bb3 Be7 8. Nc3
O-O 9. Qe2 Nc6 10. Rd1 cxd4 11. Nxd4 Qc7 12. Nxc6 Qxc6 13. e4 b5 14. Bg5 h6 15.
Bh4 Bb7 16. Rac1 Qe8 17. Bg3 Rc8 18. a3 Nd7 19. Ba2 Nb6 20. Bf4 Nc4 21. a4 Bf6
22. Bxc4 bxc4 23. Bd6 Be7 24. Qe3 Rc6 25. Bxe7 Qxe7 26. Qd4 Qc5 27. Qxc5 Rxc5
28. Rd7 Rb8 29. Rcd1 Rcc8 30. R1d2 Bc6 31. R7d4 Be8 32. Rd6 a5 33. Ra6 Bxa4 34.
Rxa5 Bb3 35. Kf1 Rd8 36. Ke2 Rxd2+ 37. Kxd2 Rd8+ 38. Ke3 g5 39. f3 Kg7 40. h4
Kg6 41. hxg5 hxg5 42. Ra1 Kf6 43. Rh1 Kg6 44. Re1 Kf6 45. Rh1 Kg6 46. Ke2 Bc2
47. Ra1 Bd3+ 48. Ke3 Rb8 49. Ra2 f5 50. exf5+ exf5 51. g3 Bf1 52. Kf2 Bd3 53.
Ke3 Bf1 54. Nd5 Rb3+ 55. Kf2 Bd3 56. Ra6+ Kh5 57. Nf6+ Kg6 58. Nd5+ Kh5 59. Rb6
Rxb6 60. Nxb6 f4 61. g4+ Kg6 62. Nd7 Kf7 63. Ke1 Ke6 64. Nc5+ Kd5 65. b4 Kd4
66. Nxd3 cxd3 67. Kd2 Kc4 68. b5 Kxb5 69. Kxd3 Kc5 70. Ke4 Kc4 71. Kf5 Kd3 72.
Kxg5 Ke3 73. Kh6 Kxf3 1/2-1/2

[Event "Top 16"]
[Site "Clichy"]
[Date "2009.03.20"]
[Round "1.6"]
[White "Marzolo, C."]
[Black "Pelletier, Y."]
[Result "0-1"]
[WhiteElo "2484"]
[BlackElo "2560"]
[PlyCount "80"]
[EventDate "2009.??.??"]
[TimeControl "6000"]

1. d4 Nf6 2. Nf3 e6 3. c4 b6 4. g3 Bb4+ 5. Nbd2 Bb7 6. Bg2 O-O 7. O-O a5 8. Qc2
c5 9. a3 Bxd2 10. Qxd2 a4 11. Rd1 Qc8 12. Qe3 Na6 13. b3 cxd4 14. Rxd4 axb3 15.
Qxb3 Nc5 16. Qe3 Qc7 17. Rb1 d6 18. Bb2 e5 19. Rdd1 Ng4 20. Qc1 Ne4 21. Rf1 Qc5
22. Qe1 Ra4 23. h3 Ngf6 24. Bc1 Ba6 25. Nd2 Nxd2 26. Bxd2 Rxc4 27. Be3 Qc8 28.
Rxb6 Rc2 29. Qb4 d5 30. Qa5 Bxe2 31. Rfb1 d4 32. Bg5 Qf5 33. Bd2 h5 34. Re1 d3
35. Qb4 Rfc8 36. Rb8 Rxb8 37. Qxb8+ Kh7 38. Qb4 Bf3 39. Rxe5 Qxe5 40. Bxf3 Qb2
0-1

[Event "TOP 16"]
[Site "Clichy"]
[Date "2009.03.20"]
[Round "1.7"]
[White "Edouard, R."]
[Black "Gozzoli, Y."]
[Result "1/2-1/2"]
[WhiteElo "2562"]
[BlackElo "2503"]
[PlyCount "83"]
[EventDate "2009.03.21"]
[TimeControl "6000"]

1. d4 Nf6 2. c4 e6 3. Nc3 Bb4 4. Nf3 b6 5. e3 Bb7 6. Bd3 c5 7. O-O O-O 8. Na4
cxd4 9. exd4 Be7 10. Bf4 d6 11. b4 Nbd7 12. Rb1 Re8 13. Re1 Nf8 14. Nc3 Ng6 15.
Be3 Rc8 16. d5 exd5 17. Nxd5 Nxd5 18. cxd5 Bf6 19. Bb5 Re7 20. Ba4 Nh4 21. Nxh4
Bxh4 22. Qf3 Rc4 23. Bc6 Bc8 24. Bd2 Rd4 25. Rxe7 Bxe7 26. Bc3 Bg4 27. Qe3 Rd1+
28. Rxd1 Bxd1 29. a4 h6 30. a5 Bf6 31. Bxf6 Qxf6 32. axb6 axb6 33. Qxb6 Qa1 34.
f3 Bb3+ 35. Kf2 Qb2+ 36. Kg3 Qe5+ 37. Kf2 Qb2+ 38. Kg3 Qe5+ 39. f4 Qc3+ 40. Kf2
Qd2+ 41. Kg3 Qc3+ 42. Kf2 1/2-1/2

[Event "TOP 16"]
[Site "Clichy"]
[Date "2009.03.20"]
[Round "1.8"]
[White "Delorme, L."]
[Black "Skripchenko, A."]
[Result "0-1"]
[WhiteElo "2171"]
[BlackElo "2457"]
[PlyCount "69"]
[EventDate "2009.03.21"]

1. d4 g6 2. c4 Bg7 3. Nc3 c5 4. d5 Bxc3+ 5. bxc3 f5 6. e4 fxe4 7. f3 d6 8. fxe4
Qa5 9. Qc2 Nf6 10. Nf3 Nbd7 11. Bd3 Ne5 12. Nxe5 dxe5 13. O-O h6 14. Rb1 Qc7
15. Qf2 Bd7 16. Qb2 b6 17. Bc2 Kf7 18. a4 Rab8 19. a5 Kg7 20. Be3 Qd6 21. h3 g5
22. Kh2 Be8 23. Bd3 Bg6 24. Qc2 Rhf8 25. axb6 axb6 26. Rb5 Ra8 27. Rfb1 Ra6 28.
R1b2 Be8 29. Qd2 Bxb5 30. Rxb5 Ra1 31. Bf2 Nh5 32. Qe3 Ra2 33. Be2 Rxf2 34.
Qxf2 Nf4 35. Bf1 0-1

[Event "Top 16"]
[Site "Clichy"]
[Date "2009.03.20"]
[Round "1.1"]
[White "David, Alberto"]
[Black "Magem Badals, Jordi"]
[Result "1-0"]
[WhiteElo "2602"]
[BlackElo "2522"]
[PlyCount "171"]
[EventDate "20.??.??"]
[WhiteTeam "LutÃ¨ce Echecs"]
[BlackTeam "Noyon"]

1. e4 c5 2. Nf3 Nf6 3. e5 Nd5 4. Nc3 e6 5. Nxd5 exd5 6. d4 Nc6 7. dxc5 Bxc5 8.
Qxd5 d6 9. exd6 Qb6 10. Qe4+ Be6 11. Qh4 Bxd6 12. Bd3 Nb4 13. O-O Nxd3 14. Qa4+
Qc6 15. Qxc6+ bxc6 16. cxd3 O-O 17. Nd4 Bd7 18. Be3 Rfb8 19. b3 Be5 20. Rac1
Bxd4 21. Bxd4 a5 22. Rc4 Be6 23. Rxc6 a4 24. bxa4 Rxa4 25. Rd6 Rxa2 26. h3 h6
27. Rc1 Ra5 28. Rc7 Re8 29. Kh2 Rd5 30. Rxd5 Bxd5 31. Rc5 Rd8 32. Be3 f6 33.
Rc7 Be6 34. Re7 Bf5 35. d4 Rd7 36. Re8+ Kf7 37. Rc8 Be6 38. Ra8 Bd5 39. Ra5 h5
40. h4 Ke6 41. Kg3 g6 42. Ra1 Kf7 43. Ra6 Bc4 44. Rb6 Be6 45. Kf4 Bd5 46. Kg3
Be6 47. Rb4 Bd5 48. Rb8 Bc6 49. Rb6 Bd5 50. Bf4 Be6 51. Bd6 Bd5 52. Bc5 Be6 53.
Kf4 Bd5 54. f3 Be6 55. Rb8 Bc4 56. g4 hxg4 57. fxg4 Kg7 58. Rb6 Bd5 59. Rb8 Bf7
60. g5 fxg5+ 61. hxg5 Bc4 62. Ke4 Kf7 63. Rb6 Be6 64. Bd6 Ra7 65. d5 Bf5+ 66.
Ke5 Ke8 67. Rb8+ Kd7 68. Rf8 Ra2 69. Rf7+ Ke8 70. Rf8+ Kd7 71. Rf7+ Ke8 72. Rb7
Re2+ 73. Kf6 Rd2 74. Re7+ Kd8 75. Bc7+ Kc8 76. d6 Rf2 77. Bb6 Rd2 78. Rc7+ Kb8
79. Ba7+ Ka8 80. Ke7 Rg2 81. d7 Bxd7 82. Kxd7 Rxg5 83. Bc5 Re5 84. Kc6 Re6+ 85.
Bd6 g5 86. Rh7 1-0

[Event "Top 16"]
[Site "Clichy"]
[Date "2009.03.20"]
[Round "1.2"]
[White "Marcelin, Cyril"]
[Black "Shirazi, Kamran"]
[Result "1-0"]
[WhiteElo "2495"]
[BlackElo "2410"]
[PlyCount "125"]
[EventDate "20.??.??"]
[WhiteTeam "Noyon"]
[BlackTeam "LutÃ¨ce Echecs"]

1. e4 c5 2. Nf3 a6 3. c3 d5 4. exd5 Qxd5 5. d4 Nf6 6. Be2 e6 7. O-O Nbd7 8. Re1
Qd6 9. Nbd2 Be7 10. Nc4 Qc7 11. Nfe5 cxd4 12. cxd4 b5 13. Nxd7 Nxd7 14. Ne5
Nxe5 15. Bf4 Bb7 16. Bxe5 Qd7 17. Bd3 Bd6 18. Re3 O-O-O 19. a4 Bxe5 20. dxe5
Qd5 21. Qf1 Qd4 22. axb5 a5 23. Rxa5 Rd5 24. Qe2 Rhd8 25. Ra3 Kb8 26. h3 h5 27.
Rc3 g6 28. Re4 Qa7 29. Ra3 Qc5 30. Qe3 Qxe3 31. Rxe3 Rd4 32. Rc3 h4 33. f3 Ra4
34. Kf2 Ra1 35. Rc4 Rd1 36. Be4 R8d4 37. Rxd4 Rxd4 38. Rd3 Rb4 39. Bxb7 Rxb2+
40. Kf1 Rb1+ 41. Kf2 Rb2+ 42. Kg1 Kxb7 43. Rd7+ Kc8 44. Rxf7 Rxb5 45. Rg7 Rxe5
46. Rxg6 Kd7 47. Rh6 Ke7 48. Rxh4 Ra5 49. Rf4 Rh5 50. Kh2 Kd6 51. g4 Ra5 52. h4
Ke5 53. Rf8 Kd6 54. h5 Ke7 55. Rf4 e5 56. Rf5 Ke6 57. h6 Ra8 58. h7 Rh8 59. Rh5
Kf6 60. Kg3 Kg6 61. Kf2 Kf7 62. Ke3 Kg7 63. Rxe5 1-0

[Event "Top 16"]
[Site "Clichy"]
[Date "2009.03.20"]
[Round "1.5"]
[White "Carpentier, Pierre"]
[Black "Clery, Nicolas"]
[Result "1-0"]
[WhiteElo "2236"]
[BlackElo "2373"]
[PlyCount "85"]
[EventDate "20.??.??"]
[WhiteTeam "LutÃ¨ce Echecs"]
[BlackTeam "Noyon"]

1. e4 e6 2. d4 d5 3. e5 Qd7 4. Nf3 b6 5. h4 Ba6 6. Bxa6 Nxa6 7. Qe2 Nb8 8. h5
h6 9. c3 c5 10. O-O Ne7 11. b4 Nc8 12. a3 cxb4 13. axb4 a6 14. Nh4 Be7 15. Qg4
Rg8 16. g3 Bxh4 17. Qxh4 Ne7 18. Na3 b5 19. Bd2 Qc6 20. Nc2 Nd7 21. Qg4 Nb6 22.
Ne1 Nc4 23. Bc1 f5 24. exf6 gxf6 25. Qf3 e5 26. Bxh6 O-O-O 27. Ng2 f5 28. Bc1
f4 29. dxe5 Nxe5 30. Qxf4 Qe6 31. Rxa6 Qxa6 32. Qxe5 Rde8 33. Bf4 Qa7 34. Qe6+
Qd7 35. Qb6 Qb7 36. Qc5+ Qc6 37. Qa7 Qb7 38. Ra1 Nc6 39. Qc5 Re6 40. Qxd5 Rge8
41. Ne3 Rf6 42. Nf5 Ne5 43. Ra8+ 1-0

[Event "Top 16"]
[Site "Clichy"]
[Date "2009.03.20"]
[Round "1.6"]
[White "Nguyen, Chi-Minh"]
[Black "Lamorelle, Yves"]
[Result "1-0"]
[WhiteElo "2429"]
[BlackElo "2217"]
[PlyCount "57"]
[EventDate "20.??.??"]
[WhiteTeam "Noyon"]
[BlackTeam "LutÃ¨ce Echecs"]

1. d4 Nf6 2. c4 g6 3. Nc3 Bg7 4. e4 O-O 5. f4 d6 6. Nf3 c5 7. d5 e6 8. Be2 exd5
9. exd5 Na6 10. O-O Nc7 11. a4 Na6 12. Bd3 Nb4 13. Bb1 Re8 14. Ra3 Bd7 15. f5
Ng4 16. h3 Ne3 17. Bxe3 Rxe3 18. Ne4 Rxe4 19. Bxe4 Bxb2 20. Re3 gxf5 21. Bb1
Qf6 22. Kh1 Kh8 23. Qe2 Bxa4 24. Ng5 Rg8 25. Rxf5 Rxg5 26. Rxf6 Bxf6 27. h4 Rg7
28. Re8+ Rg8 29. Qe4 1-0

[Event "Top 16"]
[Site "Clichy"]
[Date "2009.03.20"]
[Round "1.8"]
[White "Assad, Karine"]
[Black "Dacalor, Aurelie"]
[Result "1-0"]
[WhiteElo "2038"]
[BlackElo "2041"]
[PlyCount "107"]
[EventDate "20.??.??"]
[WhiteTeam "Noyon"]
[BlackTeam "LutÃ¨ce Echecs"]

1. d4 Nf6 2. c4 d6 3. Nc3 Nbd7 4. e4 e5 5. d5 Nc5 6. Qc2 a5 7. Nf3 Be7 8. Be3
Nfd7 9. Be2 O-O 10. O-O Qe8 11. Ne1 Nf6 12. f3 Nh5 13. Nd3 Nxd3 14. Bxd3 Nf4
15. Nb5 Qd8 16. Rfd1 Nxd3 17. Qxd3 f5 18. Rac1 f4 19. Bf2 Rf6 20. Kf1 Rh6 21.
Bg1 c6 22. Nc3 c5 23. Nb5 g5 24. Ke1 Bd7 25. a4 g4 26. Kd2 gxf3 27. gxf3 Rh3
28. Qf1 Kh8 29. Kc2 Qf8 30. Kb1 Qh6 31. Rd2 Rh5 32. Qd1 Rg8 33. Qc2 Rhg5 34.
Rdd1 Rg2 35. Qd3 Qh3 36. Qc3 Re2 37. Bxc5 Bxb5 38. axb5 Rgg2 39. Ba3 b6 40. c5
Re3 41. Rd3 Rxd3 42. Qxd3 dxc5 43. d6 Bd8 44. Qd5 Rg5 45. b3 Qxf3 46. Bb2 Qh5
47. h4 Qxh4 48. Bxe5+ Rxe5 49. Qxe5+ Bf6 50. Qe8+ Kg7 51. Rg1+ Kh6 52. e5 Qh2
53. Qf8+ Kh5 54. Qf7+ 1-0

[Event "Top 16"]
[Site "Mulhouse"]
[Date "2009.03.20"]
[Round "1.2"]
[White "Kozakov, Mikhail"]
[Black "Fedorchuk, Sergey A"]
[Result "0-1"]
[WhiteElo "2457"]
[BlackElo "2633"]
[PlyCount "114"]
[EventDate "20.??.??"]
[WhiteTeam "Bois-Colombes"]
[BlackTeam "Evry Grand Roque"]

1. d4 Nf6 2. c4 e6 3. Nc3 Bb4 4. a3 Bxc3+ 5. bxc3 O-O 6. f3 Nh5 7. Nh3 f5 8. e3
d6 9. Nf2 Nc6 10. a4 b6 11. Bd3 Na5 12. O-O Ba6 13. Qe2 Qh4 14. Bd2 Rae8 15. e4
e5 16. c5 Bxd3 17. Qxd3 fxe4 18. fxe4 dxc5 19. dxc5 Rd8 20. Qe2 Nb3 21. Qc4+
Kh8 22. Qxb3 Rxd2 23. Nh3 Nf6 24. Qc4 h6 25. cxb6 cxb6 26. a5 Rfd8 27. axb6
axb6 28. Rae1 Qg4 29. Nf2 Qg5 30. Re2 Kh7 31. Rfe1 R2d6 32. Re3 Nh5 33. Qe2 Rd2
34. Qf3 Nf4 35. g3 R8d6 36. Kh1 Ng6 37. Nh3 Qd8 38. Qh5 Rf6 39. Ng5+ Kg8 40.
Nf3 Ra2 41. Qh3 Rf2 42. Rf1 Rc2 43. Ng1 Rd6 44. Qf5 Qc7 45. Qf3 Qc5 46. Rfe1
Rf6 47. Qd1 Rxc3 48. Rxc3 Qxc3 49. Rf1 Rxf1 50. Qxf1 Ne7 51. Qb5 Qd4 52. Qe2
Nc6 53. Kg2 Qa4 54. Nf3 b5 55. Nh4 Nd4 56. Qg4 Qc2+ 57. Kh3 Qc4 0-1

[Event "Top 16"]
[Site "Mulhouse"]
[Date "2009.03.20"]
[Round "1.4"]
[White "Chomet, Pascal"]
[Black "Hauchard, Arnaud"]
[Result "0-1"]
[WhiteElo "2348"]
[BlackElo "2497"]
[PlyCount "70"]
[EventDate "20.??.??"]
[WhiteTeam "Bois-Colombes"]
[BlackTeam "Evry Grand Roque"]

1. e4 c6 2. Nc3 d5 3. Nf3 Bg4 4. h3 Bh5 5. exd5 cxd5 6. Bb5+ Nc6 7. g4 Bg6 8.
Ne5 Rc8 9. d4 e6 10. h4 f6 11. Nxg6 hxg6 12. h5 Bb4 13. Qf3 a6 14. Bxc6+ Rxc6
15. Bd2 g5 16. O-O-O Nh6 17. Qd3 Nxg4 18. Rdf1 f5 19. f4 gxf4 20. Rxf4 Nf6 21.
Rfh4 Bxc3 22. Bxc3 Ne4 23. Be1 Qf6 24. Rg1 Rh6 25. Rh2 g5 26. hxg6 Rxh2 27. g7
Qh6+ 28. Kb1 Nf6 29. Qa3 Kd7 30. Qf8 Rcxc2 31. Qf7+ Kc6 32. Qxe6+ Kb5 33. Bc3
Rxb2+ 34. Bxb2 Qd2 35. a4+ Ka5 0-1

[Event "Top 16"]
[Site "Mulhouse"]
[Date "2009.03.20"]
[Round "1.5"]
[White "Feller, Sebastien"]
[Black "Le Roy, Brice"]
[Result "1-0"]
[WhiteElo "2525"]
[BlackElo "2307"]
[PlyCount "111"]
[EventDate "20.??.??"]
[WhiteTeam "Evry Grand Roque"]
[BlackTeam "Bois-Colombes"]

1. d4 d5 2. c4 c6 3. Nf3 Nf6 4. e3 e6 5. Bd3 Nbd7 6. O-O Bd6 7. Nc3 e5 8. cxd5
cxd5 9. e4 dxe4 10. Nxe4 Nxe4 11. Bxe4 O-O 12. dxe5 Nxe5 13. Nxe5 Bxe5 14.
Bxh7+ Kxh7 15. Qh5+ Kg8 16. Qxe5 Re8 17. Qg3 Qd4 18. Bf4 Bf5 19. Rfe1 Re4 20.
Be5 Rxe1+ 21. Rxe1 Qg4 22. Qxg4 Bxg4 23. Bc3 Rd8 24. h3 Be6 25. a3 Rd3 26. f4
Bd5 27. Re8+ Kh7 28. Kf2 Bc6 29. Re7 Rd7 30. Re3 f5 31. Re5 Rf7 32. Re6 Bd7 33.
Rd6 Bc6 34. h4 Re7 35. g3 Bb5 36. h5 Rd7 37. Rg6 Re7 38. Rg5 Bd7 39. Be5 Be6
40. Kg2 Rd7 41. Kh3 Re7 42. Kh4 Bd7 43. Bc3 Be6 44. Rg6 Bd7 45. Kg5 Be8 46.
Kxf5 Bxg6+ 47. hxg6+ Kh6 48. g4 Rc7 49. Be5 Rc5 50. b4 Rb5 51. a4 Rxb4 52. g5+
Kh5 53. Bxg7 Rxa4 54. Be5 Ra6 55. g7 Rg6 56. Bf6 1-0

[Event "Top 16"]
[Site "Mulhouse"]
[Date "2009.03.20"]
[Round "1.8"]
[White "Stenel, Vincent"]
[Black "Milliet, Sophie"]
[Result "0-1"]
[WhiteElo "2103"]
[BlackElo "2364"]
[PlyCount "73"]
[EventDate "20.??.??"]
[WhiteTeam "Bois-Colombes"]
[BlackTeam "Evry Grand Roque"]

1. e4 c5 2. Nc3 Nc6 3. g3 g6 4. Bg2 Bg7 5. d3 d6 6. Be3 Nd4 7. Qd2 Qa5 8. Nge2
Bg4 9. Bxd4 cxd4 10. Nd1 Qb6 11. c4 Bh6 12. f4 e5 13. O-O Ne7 14. h3 Be6 15.
Nf2 f5 16. b4 O-O 17. Rab1 fxe4 18. Nxe4 Nf5 19. Ng5 Bxg5 20. fxg5 Ne3 21. Rf6
Rxf6 22. gxf6 Rf8 23. g4 Rxf6 24. Ng3 Rf4 25. Re1 Qd8 26. Rxe3 dxe3 27. Qxe3 b6
28. Ne2 Rf8 29. Nc3 Qf6 30. Ne4 Qf4 31. Qxf4 Rxf4 32. Nxd6 Rd4 33. Nb5 Rxd3 34.
c5 bxc5 35. bxc5 Bd5 36. Nxa7 Rd1+ 37. Bf1 0-1

[Event "Top 16"]
[Site "Mulhouse"]
[Date "2009.03.20"]
[Round "1.4"]
[White "Todorov, Todor"]
[Black "Riff, Jean-Noel"]
[Result "1/2-1/2"]
[WhiteElo "2507"]
[BlackElo "2520"]
[PlyCount "26"]
[EventDate "20.??.??"]
[WhiteTeam "Drancy"]
[BlackTeam "Mulhouse Philidor"]

1. e4 c5 2. Nf3 e6 3. Qe2 Nc6 4. g3 d6 5. Bg2 e5 6. c3 Be7 7. O-O Bg4 8. h3 Be6
9. b4 cxb4 10. cxb4 Rc8 11. Nc3 Nxb4 12. Qb5+ Nc6 13. d4 Bd7 1/2-1/2

[Event "Top 16"]
[Site "Mulhouse"]
[Date "2009.03.20"]
[Round "1.5"]
[White "Sokolov, Andrei"]
[Black "Karr, Jean-Philippe"]
[Result "1-0"]
[WhiteElo "2552"]
[BlackElo "2388"]
[PlyCount "87"]
[EventDate "20.??.??"]
[WhiteTeam "Mulhouse Philidor"]
[BlackTeam "Drancy"]

1. e4 c5 2. Nf3 Nc6 3. d4 cxd4 4. Nxd4 Nf6 5. Nc3 e5 6. Ndb5 d6 7. Bg5 a6 8.
Na3 b5 9. Nd5 Be7 10. Bxf6 Bxf6 11. c4 b4 12. Nc2 a5 13. Be2 O-O 14. O-O Bg5
15. Qd3 Rb8 16. b3 Bb7 17. Rad1 g6 18. Bg4 Ba8 19. Rfe1 a4 20. bxa4 Qa5 21. Bd7
Ne7 22. Bb5 f5 23. Ncxb4 Qa7 24. Nxe7+ Bxe7 25. exf5 Rxf5 26. Qe3 Qb7 27. Nd5
Bg5 28. Qa3 Rd8 29. a5 Qf7 30. f3 Qa7+ 31. Nb6 Bh4 32. Re2 Be7 33. Kh1 d5 34.
Qa4 d4 35. Bc6 Bxc6 36. Qxc6 Qxa5 37. Qe6+ Rf7 38. Rxe5 Qxa2 39. Nd5 Bd6 40.
Ree1 Qa7 41. Nf6+ Kf8 42. Nxh7+ Kg7 43. Ng5 Re7 44. Qd5 1-0

[Event "Top 16"]
[Site "Mulhouse"]
[Date "20.03.20"]
[Round "1.6"]
[White "Berthelot, Yannick"]
[Black "Wirig, Anthony"]
[Result "1/2-1/2"]
[WhiteElo "2323"]
[BlackElo "2464"]
[PlyCount "213"]
[EventDate "20.??.??"]
[WhiteTeam "Drancy"]
[BlackTeam "Mulhouse Philidor"]

1. e4 c5 2. Nf3 Nc6 3. d4 cxd4 4. Nxd4 Qb6 5. Nb3 Nf6 6. Nc3 e6 7. Bd3 a6 8.
O-O Be7 9. Be3 Qc7 10. f4 d6 11. Qf3 Nb4 12. Rac1 Bd7 13. a3 Nxd3 14. cxd3 Qb8
15. e5 dxe5 16. fxe5 Qxe5 17. Bf4 Qh5 18. Qxb7 O-O 19. Ne4 Qd5 20. Rc7 Bc8 21.
Nxf6+ Bxf6 22. Qxd5 exd5 23. d4 Be6 24. Rfc1 a5 25. Bd6 Rfb8 26. R7c3 a4 27.
Bxb8 Rxb8 28. Nc5 Bxd4+ 29. Kf1 Bxc3 30. Rxc3 Rxb2 31. Nxa4 Ra2 32. Nb6 g6 33.
Rd3 Bf5 34. Rxd5 Rxa3 35. Rd2 Be6 36. Nd5 g5 37. Nf6+ Kg7 38. Ne4 Kg6 39. Kf2
h6 40. Nc5 Bf5 41. Rd6+ Kg7 42. Rd2 Rc3 43. Nb7 Be6 44. Nd6 Rc1 45. Ne4 Bc4 46.
Ng3 Kg6 47. h3 Be6 48. Ne2 Rc5 49. Nd4 Rd5 50. Nf3 Rf5 51. Kg3 Ra5 52. Rd6 Ra3
53. Kh2 Kf6 54. Rb6 Rd3 55. Ne1 Rd1 56. Nf3 Kf5 57. Kg3 Kg6 58. Ne5+ Kg7 59.
Nf3 Rd3 60. Kf2 Rd5 61. Ke3 Bf5 62. Nd4 Re5+ 63. Kf2 Bd3 64. Rb2 Ra5 65. Nf3
Be4 66. Re2 Bg6 67. Ne5 Bf5 68. Nf3 Ra4 69. Rd2 Ra7 70. Nd4 Be4 71. Nb5 Ra5 72.
Nc3 Bc6 73. Ne2 Rf5+ 74. Kg3 Rc5 75. Nd4 Be4 76. Kf2 h5 77. Ke3 Bg6 78. Kf2 Kh6
79. Ke3 Re5+ 80. Kf2 Re4 81. Nf3 Rf4 82. Ke3 Ra4 83. Rd6 Ra3+ 84. Kf2 Ra2+ 85.
Rd2 Ra5 86. Rd6 h4 87. Rd2 f6 88. Rd6 Ra2+ 89. Rd2 Ra6 90. Nd4 Be4 91. Re2 f5
92. Nf3 Kg6 93. Rd2 Kf6 94. Rb2 Rc6 95. Ra2 Bd5 96. Rd2 Bxf3 97. Kxf3 Rc3+ 98.
Kf2 g4 99. hxg4 fxg4 100. Ra2 Rc4 101. Ke3 g3 102. Kf3 Ke5 103. Ra5+ Kd4 104.
Kg4 Ke3+ 105. Kh3 Rf4 106. Ra2 Re4 107. Rb2 1/2-1/2

[Event "Top 16"]
[Site "Mulhouse"]
[Date "2009.03.20"]
[Round "1.7"]
[White "Fargere, François"]
[Black "Giffard, Nicolas"]
[Result "1-0"]
[WhiteElo "2444"]
[BlackElo "2370"]
[PlyCount "67"]
[EventDate "20.??.??"]
[WhiteTeam "Mulhouse Philidor"]
[BlackTeam "Drancy"]

1. d4 c6 2. e4 d5 3. exd5 cxd5 4. c4 Nf6 5. Nc3 e6 6. Nf3 Bb4 7. cxd5 Nxd5 8.
Bd2 Nc6 9. Bd3 Be7 10. O-O O-O 11. Nxd5 Qxd5 12. Bc3 Rd8 13. Qc2 Qh5 14. Be4
Bd7 15. Rad1 Be8 16. Qb3 Rab8 17. d5 exd5 18. Bxd5 Bd6 19. Rfe1 Ne7 20. Be4 Bc6
21. Rxd6 Rxd6 22. Be5 Re6 23. Bxc6 Rc8 24. Bb5 Rc5 25. Bf1 b6 26. Rd1 Nc6 27.
Bd6 h6 28. Bxc5 Qxc5 29. h3 g5 30. Qd5 Qc2 31. Qd2 Qc5 32. Qc3 Qe7 33. Bc4 Rf6
34. Bb5 1-0

[Event "Top 16"]
[Site "Mulhouse"]
[Date "2009.03.20"]
[Round "1.8"]
[White "Lefevre, Margaux"]
[Black "Muller, Anne"]
[Result "1/2-1/2"]
[WhiteElo "2007"]
[BlackElo "2120"]
[PlyCount "63"]
[EventDate "20.??.??"]
[WhiteTeam "Drancy"]
[BlackTeam "Mulhouse Philidor"]

1. e4 c5 2. Nf3 d6 3. d4 cxd4 4. Nxd4 Nf6 5. Nc3 e6 6. Be3 Nc6 7. f3 Be7 8. Qd2
O-O 9. g4 d5 10. g5 Nh5 11. f4 Nxd4 12. Qxd4 dxe4 13. Qxd8 Rxd8 14. Be2 g6 15.
Nxe4 Ng7 16. Ng3 b6 17. Bf3 Rb8 18. Kf2 Bb7 19. Rad1 Kf8 20. Rxd8+ Bxd8 21. Rd1
Bxf3 22. Kxf3 Ke8 23. Bd4 Nf5 24. Be5 Rc8 25. c3 Bc7 26. Bxc7 Rxc7 27. Ne4 Ke7
28. Nf6 h5 29. Ng8+ Ke8 30. Nf6+ Ke7 31. Ng8+ Ke8 32. Nf6+ 1/2-1/2

[Event "Top 16"]
[Site "Clichy"]
[Date "2009.03.21"]
[Round "2.1"]
[White "Naiditsch, A."]
[Black "San Emeterio, J.L."]
[Result "1-0"]
[WhiteElo "2693"]
[BlackElo "2392"]
[PlyCount "56"]
[EventDate "2009.??.??"]
[TimeControl "6000"]

1. e4 c5 2. Nf3 Nc6 3. Nc3 e5 4. Bc4 Be7 5. d3 Nf6 6. O-O O-O 7. Ng5 h6 8. f4
d6 9. Nh3 Bg4 10. Qe1 Nd4 11. Qf2 Bxh3 12. gxh3 exf4 13. Bxf4 Nh5 14. Be3 Ne6
15. Kh1 Bg5 16. Nd5 Kh8 17. Rg1 f5 18. exf5 g6 19. Bxg5 Nxg5 20. h4 Rxf5 21.
Qg2 Nf3 22. Qxg6 Qf8 23. Ne7 Nxh4 24. Qxf5 Qxf5 25. Nxf5 Nxf5 26. Raf1 Nhg7 27.
Bd5 Re8 28. Be4 Ne3 1-0

[Event "Top 16"]
[Site "Clichy"]
[Date "2009.03.21"]
[Round "2.3"]
[White "Maze, S."]
[Black "Carpentier, P."]
[Result "1-0"]
[WhiteElo "2578"]
[BlackElo "2236"]
[PlyCount "61"]
[EventDate "2009.??.??"]
[TimeControl "6000"]

1. e4 e6 2. d4 d5 3. Nc3 Bb4 4. e5 b6 5. a3 Bf8 6. Nf3 Qd7 7. h4 Ne7 8. Bd3 h6
9. Ne2 Ba6 10. Bxa6 Nxa6 11. Qd3 Nb8 12. Ng3 c5 13. dxc5 bxc5 14. c4 Nbc6 15.
O-O Rd8 16. Re1 dxc4 17. Qxc4 Qd5 18. Qa4 Nc8 19. Nh5 c4 20. Be3 Nb6 21. Bxb6
axb6 22. Rad1 b5 23. Qa6 Qxd1 24. Rxd1 Rxd1+ 25. Kh2 Ne7 26. Qxb5+ Rd7 27. Nd2
Nd5 28. Nxc4 Kd8 29. Qb8+ Ke7 30. Nd6 Nc7 31. Nc8+ 1-0